Cities of the Majors of Counter Strike - Statistics

General Stats
  • This quiz has been taken 199 times
    5 since last reset
  • The average score is 16 of 27
Answer Stats
Hint City Winners % Correct
StarLadder [city] Major 2025 Budapest Vitality
100%
BLAST [city] Major 2025 Austin Vitality
75%
ELEAGUE Major: [city] 2018 Boston Cloud9
75%
ESL One [city] 2014 Cologne Ninjas In Pyjamas
75%
ESL One [city] 2015 Cologne Fnatic
75%
ESL One [city] 2016 Cologne SK Gaming
75%
IEM [city] 2026 Major Cologne ???
75%
EMS One [city] 2014 Katowice Virtus.pro
75%
ESL One [city] 2015 Katowice Fnatic
75%
IEM [city] Major 2019 Katowice Astralis
75%
Blast [city] Major 2023 Paris Team Vitality
75%
Perfect World [city] Major 2024 Shanghai Team Spirit
75%
PGL Major [city] 2022 Antwerp FaZe Clan
50%
ELEAGUE Major 2017 Atlanta Astralis
50%
StarLadder Major: [city] 2019 Berlin Astralis
50%
??? 2027 Buenos Aires ???
50%
DreamHack Open [city] 2015 Cluj-Napoca Team EnVyUs
50%
MLG [city] 2016 Columbus Luminosity Gaming
50%
PGL Major [city] 2024 Copenhagen Natus Vincere
50%
PGL Major: [city] 2017 Kraków Gambit Esports
50%
IEM [city] Major 2022 Rio de Janeiro Outsiders
50%
??? 2027 Shanghai ???
50%
PGL Major [city] 2026 Singapore ???
50%
PGL Major [city] 2021 Stockholm Natus Vincere
50%
Dreamhack Winter 2013 Jönköping Fnatic
25%
Dreamhack Winter 2014 Jönköping Team LDLC.com
25%
FACEIT Major: [city] 2018 London Astralis
25%
No matching quizzes found
Score Distribution
Percent of People with Each Score
Percentile by Number Answered
Your Score History
You have not taken this quiz since the last reset